000 00708nam a22002177a 4500
003 0
005 20251014083220.0
008 251014b xxu||||| |||| 00| 0 eng d
020 _a978-1-77956-314-9
050 _aLB 1051
_b.P46 2025
100 _aPemper, Ivana,
_eauthor.
245 _aEducational psychology /
_cIvana Pemper.
260 _aBurlington, ON :
_bToronto Academic Press,
_c2025.
300 _axvii, 376 pages :
_bcolored illustrations ;
_c26 cm.
504 _aIncludes bibliographical references and index.
650 _aEducational psychology.
650 _aLearning, Psychology of.
650 _aLearning, Psychology of.
650 _aTeaching
_xPsychological aspects.
942 _2lcc
_cBK
999 _c368222
_d368222